|
|
|
|
| LEADER |
00686nam a22001817a 4500 |
| 008 |
160630b xxu||||| |||| 00| 0 mal d |
| 020 |
|
|
|a 8126410388
|c INR
|
| 082 |
|
|
|a 833
|
| 100 |
|
|
|a Jelinek, Elfriede
|
| 245 |
|
|
|a Piano teacher /
|c Elfriede Jelinek, translated by Jolly Varghese
|
| 260 |
|
|
|a Kottayam :
|b DC books,
|c 2005.
|
| 300 |
|
|
|a 296 p. ;
|
| 650 |
|
|
|a ' Die klavierspielerin '
|v German novel
|x Malayalam translation
|
| 700 |
|
|
|a Jolly Varghese
|e Translator
|
| 942 |
|
|
|c BK
|
| 546 |
|
|
|a In malayalam
|
| 999 |
|
|
|c 285578
|d 285578
|
| 952 |
|
|
|0 0
|1 0
|4 0
|6 833_000000000000000_JEL_P
|7 0
|9 324071
|a FLK
|b FLK
|c ST1
|d 2016-06-30
|e BK
|g 160.00
|i 5035
|l 1
|o 833 JEL/P
|p FLK5035
|r 2018-12-03
|s 2018-10-25
|w 2016-06-30
|y BK
|